Разработка комплекта газобаллонного оборудования для карьерного автотранспорта, работающего на дизельном топливе; Инновационные, информационные и коммуникационные технологии (ИНФО-2020)
| Parent link: | Инновационные, информационные и коммуникационные технологии (ИНФО-2020).— 2020.— [С. 311-316] |
|---|---|
| その他の著者: | , , , |
| 要約: | Заглавие с экрана Статья посвящена выбору наиболее эффективного и подходящего топлива для дизельных двигателей при транспортировки полезных ископаемых. В результате исследования уточнена схема работы дизельного двигателя с использованием газомоторного топлива. Основная проблема, с которой сталкиваются эксплуатационники - сокращение выбросов от автотранспорта при выполнении решений Конференции по климату в Париже в 2015 и в 2016 годах Режим доступа: по договору с организацией-держателем ресурса |
| 言語: | ロシア語 |
| 出版事項: |
2020
|
| 主題: | |
| オンライン・アクセス: | http://info.diag.ru/uploads/swfupload/files/INFO-2020.pdf#page=311 |
| フォーマット: | MixedMaterials 電子媒体 図書の章 |
| KOHA link: | https://koha.lib.tpu.ru/cgi-bin/koha/opac-detail.pl?biblionumber=663051 |
MARC
| LEADER | 00000naa0a2200000 4500 | ||
|---|---|---|---|
| 001 | 663051 | ||
| 005 | 20250812160702.0 | ||
| 035 | |a (RuTPU)RU\TPU\network\34220 | ||
| 035 | |a RU\TPU\network\31229 | ||
| 090 | |a 663051 | ||
| 100 | |a 20210121d2020 k||y0rusy50 ca | ||
| 101 | 0 | |a rus | |
| 102 | |a RU | ||
| 135 | |a drgn ---uucaa | ||
| 181 | 0 | |a i | |
| 182 | 0 | |a b | |
| 200 | 1 | |a Разработка комплекта газобаллонного оборудования для карьерного автотранспорта, работающего на дизельном топливе |f А. Н. Деренок, В. Ю. Ли, А. Д. Деренок, Н. А. Чулков | |
| 203 | |a Текст |c электронный | ||
| 300 | |a Заглавие с экрана | ||
| 330 | |a Статья посвящена выбору наиболее эффективного и подходящего топлива для дизельных двигателей при транспортировки полезных ископаемых. В результате исследования уточнена схема работы дизельного двигателя с использованием газомоторного топлива. Основная проблема, с которой сталкиваются эксплуатационники - сокращение выбросов от автотранспорта при выполнении решений Конференции по климату в Париже в 2015 и в 2016 годах | ||
| 333 | |a Режим доступа: по договору с организацией-держателем ресурса | ||
| 463 | |t Инновационные, информационные и коммуникационные технологии (ИНФО-2020) |o сборник трудов XVII Международной научно-практической конференции, 1-10 октября 2020 г., Россия, г. Сочи |v [С. 311-316] |d 2020 | ||
| 610 | 1 | |a электронный ресурс | |
| 610 | 1 | |a труды учёных ТПУ | |
| 701 | 1 | |a Деренок |b А. Н. | |
| 701 | 1 | |a Ли |b В. Ю. | |
| 701 | 1 | |a Деренок |b А. Д. | |
| 701 | 1 | |a Чулков |b Н. А. |c специалист в области экологии и безопасности жизнедеятельности |c доцент Томского политехнического университета, кандидат технических наук |f 1945- |g Николай Александрович |3 (RuTPU)RU\TPU\pers\26195 | |
| 801 | 2 | |a RU |b 63413507 |c 20210121 |g RCR | |
| 856 | 4 | |u http://info.diag.ru/uploads/swfupload/files/INFO-2020.pdf#page=311 | |
| 942 | |c CF | ||